| 000 | 00614nam a2200181Ia 4500 | ||
|---|---|---|---|
| 008 | 100917s9999 xx 000 0 und d | ||
| 082 | _b40650 | ||
| 100 | _aशिंदे शा. रा. | ||
| 245 | _aभ्रमरासी चारा सुगंधाचा | ||
| 260 |
_bसाधना प्रकाशन _c1961 |
||
| 300 | _a118 | ||
| 365 | _b4.6 | ||
| 520 | _aकादंबरी | ||
| 630 | _aभ्रमरासी चारा सुगंधाचा | ||
| 650 | _aकादंबरी | ||
| 730 | _aभ्रमरासी चारा सुगंधाचा | ||
| 942 | _cBOOK | ||
| 999 |
_c646044 _d646041 |
||